| 000 | 00642cam a2200205 4500 | ||
|---|---|---|---|
| 001 | WS105130 | ||
| 008 | 000000n 000 0 eng u | ||
| 035 | _a(Sirsi) u105130 | ||
| 110 |
_aProperty Intelligence plc _93853 |
||
| 245 | _aFocusnet | ||
| 520 | _aSite which details the work of this online property information company and includes a news service. | ||
| 650 | _aINVESTORS | ||
| 650 | _aDEVELOPERS | ||
| 650 | _aLEAGUE TABLE | ||
| 650 | _aNEWS | ||
| 650 | _aOFFICES | ||
| 690 | _aPROPERTY-COMMERCIAL PROPERTY | ||
| 856 | 4 | 0 |
_uhttps://www.focusnet.co.uk/ _zView the website free of charge at www.focusnet.co.uk/... |
| 942 | _n0 | ||
| 999 |
_c119467 _d119467 |
||